00834 2200181 4500245004400000020002200044250001100066100001800077700001700095650004300112005001900155260004200174041001400216084000800230300002300238500038200261336000900643 aAntara Kau dan AkucClarke, JuliahText a978-979-22-2820-5 aCet. 1 aClarke, Julia aMimi Bonetto aFiksi Inggris (dalam Bahasa Indonesia) a20231004074047 aJakartabGramedia Pustaka Utamac2007 aIndonesia a813 a232 hlm. :c20 cm. aJudul asli : Beetwen You and MeTak pernah ada rahasia di antara Jade dan Jack .Mereka sudah bersahabat sejak kecil dan mereka saling menyangi . Bukan itu saja , mereka begitu mengenal satu sama lain hingga sering kali mereka tidak membutuhkan kata -kata untuk mengatakan apa yang mereka rasakan. Lalu , kenapa sekoyong -koyong Jack takut mengatakan yang sebenarnya kepada Jade? atext